Ultrastructural changes of plastids in the calyptra cells of the horse-bean (Vicia faba L.) following their differentiation gradient

Bibliographic Details
Main Author: Bobák, Milan, 1941- (Author)
Format: Article
Language:English
PhysicalDescription:RES! SLOV!? RUS!, lit. 9 zázn. v slov., ruš., angl.
Subjects:

MARC

LEADER 00000nab a2200000 a 4500
001 vtls000300007
003 SK-MaSNL
005 20260319074959.0
008 220422c1985 xo 0 eng
015 |a SNBRA19rr/mm-uuuuu 
035 |a CL0310126 
040 |a SNKBUCL  |b slo  |c SNKBUCL  |e AACR2 
041 0 |a eng 
044 |a xo  |c SK 
080 |a 581.174:57.086  |2 1981 
080 |a 57.086  |2 1981 
100 1 |a Bobák, Milan,  |d 1941-  |4 aut  |9 192444 
245 1 0 |a Ultrastructural changes of plastids in the calyptra cells of the horse-bean (Vicia faba L.) following their differentiation gradient  |c Milan Bobák 
300 |b RES! SLOV!? RUS!, lit. 9 zázn. v slov., ruš., angl. 
650 0 7 |a plastidy  |2 snkbucl  |9 17836 
655 7 |a články zo zborníkov  |2 snkbucl  |9 166140 
773 0 |t Acta Facultatis rerum naturalium Universitatis Comenianae. Physiologia plantarum 22  |d Bratislava : SPN, 1985  |g S. 23-28 
850 |a Slovenská národná knižnica v Martine  |a MTA001 
852 |a SNK  |b KIS3GCP 
958 |a NB 
958 |a RK 
958 |a ME 
992 |a RZB 
999 |c 1516613  |d 1518543